Osobný kurz MBA ovládnite umenie biznisu. Prvotriedne obchodné vzdelanie v jedinej knihe
Na minha lista:
| Autor principal: | |
|---|---|
| Outros Autores: | , |
| Formato: | Livro |
| Idioma: | eslovaco |
| Publicado em: |
Bratislava
Eastone Books
2021
|
| Edição: | 2. doplnené vydanie; 10th Anniversary Edition, doplnené a aktualizované vydanie |
| Assuntos: | |
| Tags: |
Sem tags, seja o primeiro a adicionar uma tag!
|
MARC
| LEADER | 00000nam a2200000 4500 | ||
|---|---|---|---|
| 001 | 0279739 | ||
| 005 | 20240416114143.0 | ||
| 020 | |a 978-80-8109-420-0 | ||
| 041 | 0 | |a slo | |
| 044 | |a SK | ||
| 245 | 1 | 0 | |a Osobný kurz MBA |b ovládnite umenie biznisu. Prvotriedne obchodné vzdelanie v jedinej knihe |c Josh Kaufman ; preložili: Stanislava Bariaková, Monika Kaliská |
| 250 | |a 2. doplnené vydanie; 10th Anniversary Edition, doplnené a aktualizované vydanie | ||
| 264 | 1 | |a Bratislava |b Eastone Books |c 2021 | |
| 300 | |a 443 s. | ||
| 610 | 2 | 0 | |a vzdelávanie |
| 610 | 2 | 0 | |a vzdelanie ekonomické |
| 610 | 2 | 0 | |a sebavýchova |
| 610 | 2 | 0 | |a rozvoj osobný |
| 610 | 2 | 0 | |a kariéra |
| 610 | 2 | 0 | |a vedomosti |
| 610 | 2 | 0 | |a informácie |
| 610 | 2 | 0 | |a podnikanie |
| 610 | 2 | 0 | |a trh |
| 610 | 2 | 0 | |a firmy |
| 610 | 2 | 0 | |a zákazníci |
| 610 | 2 | 0 | |a cash flow |
| 610 | 2 | 0 | |a výnosy |
| 610 | 2 | 0 | |a ceny |
| 610 | 2 | 0 | |a amortizácia |
| 610 | 2 | 0 | |a hodnota podniku |
| 610 | 2 | 0 | |a manažment |
| 610 | 2 | 0 | |a marketing |
| 610 | 2 | 0 | |a predaj |
| 610 | 2 | 0 | |a predaj |
| 100 | 1 | |a Kaufman, Josh | |
| 700 | 1 | |a Bariaková, Stanislava | |
| 700 | 1 | |a Kaliská, Monika | |